Qui sont ces acteurs ? - Statistiques

Statistiques générales
  • Ce quiz a été pris 156 fois
  • Le résultat moyen est 11 sur 20
Statistiques - réponses
Par images Réponse % Correct
Leonardo dicaprio
99%
Brad pitt
91%
Tom Hanks
86%
joaquin phoenix
78%
Morgan freeman
78%
Al pacino
75%
Clint Eastwood
67%
Jack nicholson
60%
heath ledger
59%
marlon brando
59%
Denzel washington
56%
Robert de niro
54%
Anthony Hopkins
53%
kevin spacey
40%
Jean gabin
35%
Daniel day lewis
29%
Jonah hill
24%
Humphrey bogart
17%
Paul newman
15%
Toshiro mifune
4%
Aucun quiz correspondant
Distribution des résultats
% des personnes avec chaque résultat
Percentile par nombre de réponses
Votre historique - résultats
Vous n’avez pas pris ce quiz